000 00688nam a2200289Ia 4500
005 20260324133203.0
008 008 260324s9999 xx 000 0 eng d
020 _a9780203767832
037 _aEBOOK
040 _aCRL
040 _beng
040 _cCRL
041 _2eng
041 _aeng
084 _qCRL
100 _aJudith A. Tindall; Shirley Salmon
_91192123
245 0 _aPeers Helping Peers
245 0 _bPrograms For The Preadolescent
260 _bTaylor and Francis
260 _c2003
365 _a
365 _b190
856 _uhttp://www.taylorfrancis.com/books/9780203767832
942 _cEBOOK
999 _c1790957
_d1790957